| 000 | 01080nam a22003257a 4500 | ||
|---|---|---|---|
| 003 | CHAP | ||
| 005 | 20220329134457.0 | ||
| 008 | 971013s1979 r 00010 d | ||
| 010 | _a20954 | ||
| 011 | _a21926 | ||
| 035 | _a26017 | ||
| 040 | _cCHAP | ||
| 090 | _aTesis | ||
| 100 | 0 | 0 |
_aDorantes Hernández, César. _933999 |
| 245 | _aInforme del servicio social desarrollado en el municipio de Yahualica, Jal. | ||
| 260 |
_aMéxico, D.F. : _bEl autor, _c1979 |
||
| 300 |
_a75 h. _b: mapas |
||
| 502 | _aTesis (Médico Veterinario Zootecnista) -- UNAM. Fac. de Medicina Veterinaria y Zootecnia | ||
| 590 |
_aALEPH _b10 _c20130110 _lUCH01 _h1245 |
||
| 590 |
_aBATCH-UPD _b10 _c20130110 _lUCH01 _h1129 |
||
| 590 |
_aBATCH-UPD _b10 _c20130410 _lUCH01 _h0718 |
||
| 590 |
_aBATCH-UPD _b10 _c20130914 _lUCH01 _h1456 |
||
| 590 |
_aCONVERSION _b10 _c20130109 _lUCH01 _h1312 |
||
| 650 | 1 | 4 |
_aGanadería _zJalisco. _944866 |
| 650 | 1 | 4 |
_aServicio social en veterinaria. _9105319 |
| 650 | 1 | 4 |
_aVeterinaria. _9118987 |
| 901 | _aBK | ||
| 942 | _cTESIS | ||
| 949 |
_bBC _cTES _d-60122 _eTS1 _i26017 _si |
||
| 999 |
_c20954 _d20954 |
||